000 00571 a2200193 4500
003 OSt
005 20230809101551.0
008 170731b xxu||||| |||| 00| 0 eng d
020 _a0
040 _c0
082 _a332.0414
_bFAB
100 _aFrank J. Fabozzi
_952899
245 _aCapital Markets
_bInstitutions and Instruments
_cFrank J. Fabozzi
_hFranco Modigliani
250 _a3rd Ed.
260 _aIslamabad, Pakistan
_bNational Book Foundation Islamabad
300 _a644p.
_bHB
440 _aCapital Markets
_9114073
942 _aNBS
_cBK
_k332.042 FAB 1997
_2ddc
999 _c346994
_d346994